Island to Island : (Record no. 147149)

MARC details
000 -LEADER
fixed length control field 00742nam a22002057a 4500
005 - DATE AND TIME OF LATEST TRANSACTION
control field 20171107101111.0
010 ## - LCCN (DPL NO)
LC control number ENG-121209
020 ## - INTERNATIONAL STANDARD BOOK NUMBER
International Standard Book Number 9788179663622
Terms of availability 450.00
035 ## - SYSTEM CONTROL NUMBER
System control number EN-104741
037 ## - SOURCE OF ACQUISITION
Source of stock number/acquisition DBAD/PUB
082 ## - DEWEY DECIMAL CLASSIFICATION NUMBER
Classification number 822
100 ## - MAIN ENTRY--PERSONAL NAME
Personal name Thangapandian, Thamizhachi
245 ## - TITLE STATEMENT
Title Island to Island :
Statement of responsibility, etc by Thamizhachi Thangapandian
Remainder of title the voiuce of Sri Lankan Australian Plawright Ernest Thalayasingham Macintyre /
260 ## - PUBLICATION, DISTRIBUTION, ETC. (IMPRINT)
Place of publication, distribution, etc Chennai
Name of publisher, distributor, etc Emerald Publishers
Date of publication, distribution, etc 201?
270 ## - ADDRESS
Address 15A, First Floor, Case Major Road, Egmore
City Chennai
Postal code 600008
300 ## - PHYSICAL DESCRIPTION
Extent xxi, 399p. :
Dimensions 23cm (Hb)
Other physical details ill.
500 ## - GENERAL NOTE
General note Includes bibliographical references and index
700 ## - ADDED ENTRY--PERSONAL NAME
Personal name Thangapandian, Thamizhachi
942 ## - ADDED ENTRY ELEMENTS (KOHA)
Source of classification or shelving scheme Dewey Decimal Classification
Item type English Books
Classification part 822
Call number suffix THA
Holdings
Withdrawn status Lost status Not for loan Collection code Home library Current library Date acquired Cost, normal purchase price Full call number Barcode Copy number Cost, replacement price Koha item type
      Non-fiction Bawana Bawana 03/11/2017 450.00 822 THA EN-104741 1 450.00 English Books

© Delhi Public Library
Hit Counter
free hit counter